Informe de la mesa redonda sobre pobreza rural en América Latina y el Caribe.
Guardado en:
| Autores Corporativos: | , |
|---|---|
| Formato: | Libro |
| Idioma: | Spanish |
| Publicado: |
Santiago de Chile :
Oficina Regional de la FAO para América Latina y el Caribe : División de Recursos Humanos, Instituciones y Reforma Agraria, FAO,
1984.
|
| Series: | Serie de estudios profundos
|
| Materias: | |
| Etiquetas: |
Agregar Etiqueta
Sin Etiquetas, Sea el primero en etiquetar este registro!
|
| LEADER | 01385nam a22002415 4500 | ||
|---|---|---|---|
| 001 | EAD.ead002189 | ||
| 008 | 080718s1984####cl############100#0#spa#d | ||
| 005 | 20100610175139.0 | ||
| 245 | 1 | 0 | |a Informe de la mesa redonda sobre pobreza rural en América Latina y el Caribe. |
| 260 | |a Santiago de Chile : |b Oficina Regional de la FAO para América Latina y el Caribe : |b División de Recursos Humanos, Instituciones y Reforma Agraria, FAO, |c 1984. | ||
| 300 | |a 141 p. ; |c 27 cm. | ||
| 490 | 0 | |a Serie de estudios profundos | |
| 500 | |a "WCARRD follow-up programme: series of -n-depth studies on rural poverty allevation = Suivi du programme de la CMRADR: série d'études approfondies sur la lutte contre la pauvreté rurale = Programa de actividades complementarias de la CMRADR: serie de estudios profundos sobre la mitigación de la pobreza rural"--Tapa. | ||
| 111 | 2 | |a Mesa Redonda sobre la pobreza rural en América Latina y el Caribe |d (1984 : |c Santiago de Chile) | |
| 710 | 2 | |a Organización de las Naciones Unidas para la agricultura y la alimentación. | |
| 082 | 0 | 4 | |a 305.5608 |2 21 |
| 650 | 7 | |a Pobreza. |2 unbist | |
| 650 | 7 | |a Sector primario. |2 unbist | |
| 650 | 7 | |a Estrategia. |2 unbist | |
| 650 | 7 | |a Desarrollo agrícola. |2 unbist | |
| 650 | 7 | |a Politica económica. |2 unbist | |
| 650 | 7 | |a Estudios de casos. |2 unbist | |
| 859 | |a AR-BaBDC |b BIB. ADMINISTRACION GABCOOP - Libros |h 305.5608 |i Or14 |p g00725 | ||
